Countries Hidden in a Leopard's Hide - Statistics

General Stats
  • This quiz has been taken 297 times
  • The average score is 11 of 16
Answers on the Map
Answers color-coded by a green-red scale on the quiz's map according to % correct below.
 
Answer Stats
Country % Correct
Cyprus
93%
Sri Lanka
85%
Madagascar
83%
Croatia
79%
Laos
75%
Kyrgyzstan
74%
Guinea
73%
Peru
71%
Czech Republic
69%
Lebanon
68%
Jamaica
59%
Taiwan
58%
Djibouti
57%
Rwanda
49%
Uganda
48%
Lesotho
42%
No matching quizzes found
Score Distribution
Percent of People with Each Score
Percentile by Number Answered
Your Score History
You have not taken this quiz